| 000 | 00878cam a2200229 4500 | ||
|---|---|---|---|
| 008 | 030210n2003 000 0 eng u | ||
| 020 | _a1859461093 | ||
| 035 | _a(Sirsi) u121305 | ||
| 041 | _aeng. | ||
| 050 |
_a725.23 _c18 |
||
| 100 |
_aBattle, Tim _xEditor |
||
| 245 | _aCommercial offices handbook | ||
| 260 |
_aLondon _bRIBA Enterprises _c2003 |
||
| 300 |
_axv, 485p. _bill. _c25cm. |
||
| 350 | _a40 | ||
| 520 | _aAnalyses the entire process of office development. Includes chapters written by acknowledged experts on: the global office, investments, the developer, the cost management process, legal issues, architecture, structures and occupier issues. Refers to actual case studies to illustrate current best practice. | ||
| 650 | _aOFFICES | ||
| 650 | _aOFFICE DESIGN | ||
| 650 | _aOFFICE DEVELOPMENT | ||
| 690 | _aPROPERTY-COMMERCIAL PROPERTY | ||
| 942 | _n0 | ||
| 999 |
_c102647 _d102647 |
||